Machine Translation : 10th China Workshop, CWMT 2014, Macau, China, November 4-6, 2014 : Proceedings /
Selección de trabajos presentados en el décimo Taller de China sobre Traducción Automática,realizado en Macao, China, en noviembre de 2014. Los documentos cubren temas relacionados con la traducción automática y su evaluación, la selección de datos, la segmentación de palabras y el reconocimiento de...
Guardado en:
| 企業作者: | |
|---|---|
| 其他作者: | , |
| 格式: | Procedimiento de la conferencia 圖書 |
| 語言: | 英语 |
| 出版: |
Heidelberg, Alemania :
Springer,
2014, c2014
|
| 叢編: | (Communications in Computer and Information Science ;
493) |
| 主題: | |
| 在線閱讀: | Ver documento en línea |
| 標簽: |
沒有標簽, 成為第一個標記此記錄!
|
MARC
| LEADER | 00000nam^a2200000^a^4500 | ||
|---|---|---|---|
| 001 | 000564081 | ||
| 005 | 20251023000000.0 | ||
| 009 | 20260310132018.742 | ||
| 020 | |a 978-3-662-45701-6 | ||
| 037 | |a Acervo ITESO - Biblioteca | ||
| 041 | |a ING | ||
| 082 | |a Libro en línea | ||
| 111 | |a China Workshop on Machine Translation ( |n 10° : |d 2014 : |c Macao, China) | ||
| 245 | 1 | 0 | |a Machine Translation : |b 10th China Workshop, CWMT 2014, Macau, China, November 4-6, 2014 : Proceedings / |c Ed. de X. Shi, Y. Chen. |
| 264 | 4 | |a Heidelberg, Alemania : |b Springer, |c 2014, c2014 | |
| 264 | 2 | |a Cham, Suiza : |b Springer Link [distribución], |c 2014 | |
| 300 | |a 1 libro electrónico en línea (XII, 117 p.) | ||
| 300 | |a 1 recurso en línea | ||
| 336 | |a datos para computadora |b cod |2 rdacontenido | ||
| 337 | |a computadora |b c |2 rdamedio | ||
| 338 | |a recurso en línea |b cr |2 rdasoporte | ||
| 440 | 1 | |a (Communications in Computer and Information Science ; |v 493) | |
| 506 | 0 | |a Licencias ilimitadas | |
| 520 | |a Selección de trabajos presentados en el décimo Taller de China sobre Traducción Automática,realizado en Macao, China, en noviembre de 2014. Los documentos cubren temas relacionados con la traducción automática y su evaluación, la selección de datos, la segmentación de palabras y el reconocimiento de entidades. | ||
| 649 | |a XX | ||
| 650 | |a Reconocimiento de Patrones | ||
| 650 | |a Procesamiento de datos | ||
| 650 | |a Aprendizaje Automático (Inteligencia Artificial) | ||
| 650 | |a Algoritmos Computacionales | ||
| 650 | |a Traducción Automática - |x Congresos - |x Tema Principal | ||
| 650 | |a Traducción Automática - |x Tema Principal | ||
| 650 | |a Inteligencia Artificial | ||
| 650 | |a Ingeniería Computacional | ||
| 650 | |a Algoritmos | ||
| 650 | |a Algebra | ||
| 700 | |a Shi, Xiaodong |e (edición) | ||
| 700 | |a Chen, Yidong |e (edición) | ||
| 856 | 4 | 0 | |u https://link-springer-com.ezproxy.iteso.mx/10.1007/978-3-662-45701-6 |y Ver documento en línea |
| 910 | |a Fondo General | ||
| 920 | |a Electrónicos - Libros en Línea | ||
| 930 | |a Plataforma Digital | ||
| 905 | |a 205 | ||
| 901 | |a 564081-1 |b IT2 |c EBO |i C |u 20250521 | ||
| 902 | |a https://opac.biblio.iteso.mx/vufind/Record/000564081 | ||